Normal view MARC view

Entry Personal Name

Number of records used in: 1

001 - CONTROL NUMBER

  • control field: 1140176

003 - CONTROL NUMBER IDENTIFIER

  • control field: OSt

005 - DATE AND TIME OF LATEST TRANSACTION

  • control field: 20260324111826.0

008 - FIXED-LENGTH DATA ELEMENTS

  • fixed length control field: 260324|| aca||aabn | a|a d

040 ## - CATALOGING SOURCE

  • Original cataloging agency: OSt
  • Transcribing agency: OSt

100 ## - HEADING--PERSONAL NAME

  • Personal name: Maria Gravari-Barbas; María García-Hernández

670 ## - SOURCE DATA FOUND

  • Source citation: Work cat.: (OSt)1729109: Maria Gravari-Barbas; María García-Hernández, Cultural Heritage on the Urban Peripheries
Copyright @ Delhi University Library System